The 10 biggest Cities - Canary Islands - Statistics

General Stats
  • This quiz has been taken 51 times
  • The average score is 5 of 10
Answer Stats
Inhabitants Island City/Town % Correct
378.675 Gran Canaria Las Palmas de Gran Canaria
92%
208.563 Tenerife Santa Cruz de Tenerife
92%
64.497 Lanzarote Arrecife
77%
158.010 Tenerife La Laguna
63%
102.769 Gran Canaria Telde
58%
48.733 Tenerife Adeje
46%
82.563 Tenerife Arona
38%
53.066 Gran Canaria San Bartolomé de Tirajana
25%
73.573 Gran Canaria Santa Lucía de Tirajana
23%
51.850 Tenerife Granadilla de Abona
17%
No matching quizzes found
Score Distribution
Percent of People with Each Score
Percentile by Number Answered
Your Score History
You have not taken this quiz